000 00593nam a2200181Ia 4500
008 090124s9999 xx 000 0 und d
082 _b7125
100 _aआपटे वामन शिवराम
245 _a चिंता का करता.
250 _a0
260 _bसरिता प्रकाशन
_c1975
300 _a138
600 _aआपटे वामन शिवराम
630 _a चिंता का करता.
700 _aआपटे वामन शिवराम
730 _a चिंता का करता.
942 _cBOOK
999 _c84863
_d84863